000
00293nam a2200145Ia 4500
100
_a
Rajam/J.B.
942
_c
BK
654
_a
Physics
245
_a
Modern Physics
260
_b
S.Chand and Co.
_a
New Delhi
_c
1984
082
_a
539
_b
RAJ
300
_a
619
546
_a
ENGLISH
999
_c
34616
_d
34616